| 000 | 00760cab a2200229 4500 | ||
|---|---|---|---|
| 001 | ABS57442 | ||
| 008 | 090401t1997 xxu||||| |||| 00| 0 eng d | ||
| 035 | _a(Sirsi) u80340 | ||
| 041 | _aeng | ||
| 100 | _aLarkin, D | ||
| 245 | _aPerforming in the public arena | ||
| 260 | _c1997 | ||
| 350 | _a0 | ||
| 490 |
_aProperty Week _v60(7) 15 August 1997, 18(1) |
||
| 520 | _aConsiders the priorities of a property manager of buildings owned by the public sector. The need to consider the needs of the local community and the potential problem of being both landlord and tenant. | ||
| 650 | _aASSET MANAGEMENT | ||
| 650 | _aPROPERTY MANAGERS | ||
| 650 | _aPUBLIC SECTOR | ||
| 690 | _aCOMMERCIAL PROPERTY-MANAGEMENT | ||
| 942 | _n0 | ||
| 948 | _c19/08/1997 | ||
| 999 |
_c50599 _d50599 |
||